000 00793cam a22002773a 4500
001 2763
003 PGUSA
005 20140828083021.0
008 060404s2006||||xxu|||||s|||||000 1 eng d
040 _aPGUSA
_beng
042 _adc
050 4 _aPR
100 1 _aLang, Andrew,
_d1844-1912
245 1 4 _aThe World's Desire
_h[electronic resource] /
_cAndrew Lang
260 _bProject Gutenberg,
_c2006
506 _aPublic domain in the USA.
516 _aElectronic text
653 _aAdventure stories
653 _aHelen of Troy (Greek mythology) -- Fiction
653 _aOdysseus (Greek mythology) -- Fiction
653 _aFantasy fiction
653 _aGreece -- Fiction
830 0 _aProject Gutenberg
_v2763
856 4 0 _uhttp://www.gutenberg.org/ebooks/2763
942 _cEB
999 _c232095
_d232095